000 00289nam a2200109Ia 4500
008 200302s9999 xx 000 0 und d
100 _aCharles Jencks
245 _aThe Prince the architects and new wave monarchy
260 _bAcdemy Editions Group LTd.
260 _c1988
300 _a56 P.,
999 _c4136
_d4136